Communes du Brabant Wallon - Aléatoire - Statistiques

Statistiques générales
  • Ce quiz a été pris 101 fois
  • Le résultat moyen est 7 sur 10
Réponses sur la Carte
Les réponses sont colorées sur une échelle allant du rouge au vert en fonction du pourcentage des utilisateurs qui les ont devinées à leur premier essai. Vous pouvez retrouver ces pourcentages ci-dessous.
 
Statistiques - réponses
Réponse % Correct
Hélécine
100%
Ittre
100%
Tubize
93%
Beauvechain
92%
Waterloo
92%
Lasne
90%
Nivelles
89%
Wavre
89%
Chaumont-Gistoux
82%
Incourt
80%
Walhain
78%
Grez-Doiceau
77%
Rebecq
77%
Braine-L'Alleud
75%
Jodoigne
71%
Rixensart
71%
Genappe
70%
La Hulpe
70%
Villers-la-Ville
67%
Perwez
64%
Court-Saint-Etienne
62%
Mont-Saint-Guibert
62%
Orp-Jauche
60%
Ramillies
59%
Braine-Le-Château
57%
Ottignies-Louvain-La-Neuve
44%
Chastre
43%
Aucun quiz correspondant
Distribution des résultats
% des personnes avec chaque résultat
Percentile par nombre de réponses
Votre historique - résultats
Vous n’avez pas pris ce quiz